000 00822cam a2200289 a 4500
001 117121
005 20230410115749.0
008 120517s2013 maua 000 0 eng
035 _a17303085
010 _a 2012020402
020 _a9780205857258
020 _a0205857256
040 _aDLC
_cDLC
042 _apcc
050 1 4 _aHM 1221
_bT443 2013
082 0 0 _a659.2
245 0 0 _aThink public relations /
_cDennis L. Wilcox ... [et al.].
250 _a2nd ed.
260 _aBoston :
_bPearson,
_cc2013.
300 _axvii, 400 p. :
_bcol. ill. ;
_c29 cm.
650 0 _aPublic relations.
650 4 _aSistemas de comunicación empresarial
_xUsos.
650 4 _aMedios de comunicación de masas en internet.
650 4 _aBlogs x Comunicación
_xUsos.
700 1 _aWilcox, Dennis L.
942 _2lcc
_cbk
999 _c47531
_d47531